000 00545nam a2200193Ia 4500
005 20250423100451.0
008 250422s9999 xx 000 0 und d
020 _a9788185749365
050 _aTK 7887 .A84/
100 _aAshish, Bhatnagar
245 0 _aPC upgrading maintenance and troubleshooting guide
250 _a3rd ed.
260 _aNew delhi
260 _bS. K. Kataria & sons
260 _c2016
300 _a498 p
650 _a Microcomputers--Maintenance and repair. Microcomputers--Upgrading.
942 _cBK
999 _c33396
_d33396